【プロ野球】2026年のパ・リーグ所属の選手(ランダム30問) - Statistics

General Stats
  • This quiz has been taken 11 times
  • The average score is 5 of 30
Answer Stats
背番号 選手名 % Correct
62S 海野隆司
100%
6S 今宮健太
100%
99S 野村勇
100%
19F 玉井大翔
100%
25F 宮西尚生
100%
31F 柴田獅子
100%
33F 進藤勇也
100%
38F ライル・リン
100%
44F 阪口樂
100%
66F 万波中正
100%
22O 九里亜蓮
100%
29O 田嶋大樹
100%
57O 山田修義
100%
67O 中川圭太
100%
8O 麦谷祐介
100%
69E 内星龍
100%
0E 小深田大翔
100%
3E 浅村栄斗
100%
6E 村林一輝
100%
7E 鈴木大地
100%
12E ゴンザレス
100%
50E 武藤敦貴
100%
64L 龍山暖
100%
5L 外崎修汰
100%
99L 村田怜音
100%
33L 古川雄大
100%
51L 西川愛也
100%
27M 田村龍弘
100%
57M 小川龍成
100%
0M 髙部瑛斗
100%
52S 秋広優人
67%
32S 柳町達
50%
46F 畔柳亨丞
50%
47F 柳川大晟
50%
3F 郡司裕也
50%
6O 宗佑磨
50%
24O 紅林弘太郎
50%
61O 平沼翔太
50%
16L 隅田知一郎
50%
52M 益田直也
50%
64M 廣池康志郎
50%
4M 友杉篤輝
50%
8M 中村奨吾
50%
55E YG安田
50%
62L 滝澤夏央
33%
12S 嶺井博希
25%
2S スチュワート・ジュニア
0%
10S 上沢直之
0%
11S 津森宥紀
0%
13S 稲川竜汰
0%
16S 東浜巨
0%
18S 徐若熙
0%
19S 大津亮介
0%
20S 村上泰斗
0%
26S 鈴木豪太
0%
27S 岩井俊介
0%
28S 安德駿
0%
29S 大江竜聖
0%
30S 中村稔弥
0%
35S モイネロ
0%
39S 尾形崇斗
0%
40S 杉山一樹
0%
41S 前田悠伍
0%
42S 伊藤優輔
0%
47S 大関友久
0%
48S 藤井皓哉
0%
49S 松本晴
0%
50S 相良雅斗
0%
51S 前田純
0%
53S 大山凌
0%
54S オスナ
0%
58S 木村大成
0%
60S 大野稼頭央
0%
63S ヘルナンデス
0%
64S 上茶谷大河
0%
66S 松本裕樹
0%
68S 木村光
0%
69S 岩崎峻典
0%
00S 渡邉陸
0%
45S 谷川原健太
0%
55S 石塚綜一郎
0%
65S 藤田悠太郎
0%
0S 川瀬晃
0%
4S ダウンズ
0%
5S 山川穂高
0%
7S 中村晃
0%
8S 牧原大成
0%
24S 栗原陵矢
0%
25S 庄子雄大
0%
33S 廣瀨隆太
0%
36S イヒネイツア
0%
43S 井上朋也
0%
46S 宇野真仁朗
0%
56S 髙橋隆慶
0%
67S 石見颯真
0%
3S 近藤健介
0%
9S 柳田悠岐
0%
23S 周東佑京
0%
31S 正木智也
0%
44S 笹川吉康
0%
57S 緒方理貢
0%
61S 川村友斗
0%
12F 矢澤宏太
0%
13F 生田目翼
0%
14F 加藤貴之
0%
15F 北山亘基
0%
16F 達孝太
0%
17F 伊藤大海
0%
18F 山﨑福也
0%
20F 上原健太
0%
24F 金村尚真
0%
26F 田中正義
0%
27F 大川慈英
0%
28F 河野竜生
0%
29F 細野晴希
0%
30F ラオ
0%
32F 藤田琉生
0%
34F 堀瑞輝
0%
35F 浅利太門
0%
37F 古林睿煬
0%
40F 島本浩也
0%
41F 福谷浩司
0%
45F 福島蓮
0%
48F 齋藤友貴哉
0%
52F 池田隆英
0%
55F 菊地大稀
0%
62F 清水大暉
0%
63F 山城航太郎
0%
67F 山本拓実
0%
74F 有原航平
0%
96F 孫易磊
0%
2F マルティネス
0%
10F 清水優心
0%
57F 藤森海斗
0%
60F 吉田賢吾
0%
64F 田宮裕涼
0%
98F 梅林優貴
0%
4F 上川畑大悟
0%
5F 野村佑希
0%
6F カストロ
0%
9F 中島卓也
0%
21F 清宮幸太郎
0%
39F 有薗直輝
0%
43F 水野達稀
0%
49F 大塚瑠晏
0%
51F 半田南十
0%
54F 山縣秀
0%
56F 細川凌平
0%
58F 奈良間大己
0%
65F 明瀬諒介
0%
7F 西川遥輝
0%
8F 淺間大基
0%
36F 宮崎一樹
0%
42F エドポロケイン
0%
50F 五十幡亮汰
0%
53F 水谷瞬
0%
61F 今川優馬
0%
99F レイエス
0%
00O エスピノーザ
0%
11O 山下舜平大
0%
12O 東晃平
0%
13O 寺西成騎
0%
15O 椋木蓮
0%
16O 平野佳寿
0%
17O 曽谷龍平
0%
18O 宮城大弥
0%
19O 山岡泰輔
0%
20O 阿部翔太
0%
21O 山﨑颯一郎
0%
23O 吉田輝星
0%
26O 齋藤響介
0%
28O 富山凌雅
0%
31O 藤川敦也
0%
35O 古田島成龍
0%
36O 森陽樹
0%
40O 岩嵜翔
0%
41O 佐藤龍月
0%
42O マチャド
0%
43O 髙谷舟
0%
47O 山口廉王
0%
48O 東松快征
0%
49O 片山楽生
0%
52O 横山楓
0%
59O ペルドモ
0%
66O 博志
0%
68O 入山海斗
0%
69O ジェリー
0%
93O 佐藤一磨
0%
94O 川瀬堅斗
0%
95O 才木海翔
0%
96O 髙島泰都
0%
98O 権田琉成
0%
2O 若月健矢
0%
4O 森友哉
0%
32O 福永奨
0%
37O 石川亮
0%
44O 頓宮裕真
0%
50O 山中稜真
0%
60O 野上士耀
0%
62O 堀柊那
0%
1O 太田椋
0%
5O 西野真弘
0%
9O 野口智哉
0%
10O 大城滉二
0%
25O 内藤鵬
0%
30O 廣岡大志
0%
34O 横山聖哉
0%
45O シーモア
0%
0O 渡部遼人
0%
7O 西川龍馬
0%
33O 杉澤龍
0%
38O 来田涼斗
0%
39O 池田陵真
0%
58O 窪田洋祐
0%
99O 杉本裕太郎
0%
11E 岸孝之
0%
13E 藤原聡大
0%
15E コントレラス
0%
17E 古謝樹
0%
18E 前田健太
0%
19E 荘司康誠
0%
20E 伊藤樹
0%
21E 早川隆久
0%
22E ウレーニャ
0%
26E 中込陽翔
0%
28E 酒居知史
0%
29E 田中千晴
0%
31E 渡辺翔太
0%
40E 江原雅裕
0%
41E 加治屋蓮
0%
43E 宋家豪
0%
45E 九谷瑠
0%
46E 藤平尚真
0%
47E 藤井聖
0%
49E 西垣雅矢
0%
52E 津留﨑大成
0%
53E 坂井陽翔
0%
54E 日當直喜
0%
56E 鈴木翔天
0%
57E 瀧中瞭太
0%
58E 辛島航
0%
59E 泰勝利
0%
61E 古賀康誠
0%
62E 西口直人
0%
64E 林優樹
0%
66E 今野龍太
0%
67E 大内誠弥
0%
71E 柴田大地
0%
79E 伊藤大晟
0%
2E 太田光
0%
27E 伊藤光
0%
44E 田中貴也
0%
65E 堀内謙伍
0%
70E 石原彪
0%
72E 大栄利哉
0%
1E 宗山塁
0%
9E ボイト
0%
24E 黒川史陽
0%
30E 繁永晟
0%
35E 渡邊佳明
0%
39E 伊藤裕季也
0%
48E 平良竜哉
0%
60E ワォーターズ
0%
63E 入江大樹
0%
68E 青野拓海
0%
73E 小森航大郎
0%
75E 陽柏翔
0%
8E 辰己涼介
0%
25E 田中和基
0%
32E 中島大輔
0%
34E マッカスカー
0%
36E 吉納翼
0%
38E 佐藤直樹
0%
42E 阪上翔也
0%
51E 小郷裕哉
0%
78E 吉野創士
0%
11L 上田大河
0%
12L 渡邉勇太朗
0%
13L 髙橋光成
0%
15L 與座海人
0%
17L 松本航
0%
19L 佐藤隼輔
0%
20L 岩城颯空
0%
21L 武内夏暉
0%
23L 糸川亮太
0%
29L 青山美夏人
0%
30L ワイナンス
0%
34L 甲斐野央
0%
36L 山田陽翔
0%
40L 堀越啓太
0%
41L 成田晴風
0%
42L ボー・タカハシ
0%
43L 羽田慎之介
0%
45L ウィンゲンター
0%
46L 狩生聖真
0%
47L 杉山遙希
0%
52L 篠原響
0%
54L 黒木優太
0%
56L ラミレス
0%
57L 黒田将矢
0%
58L 中村祐太
0%
61L 平良海馬
0%
67L 冨士大和
0%
70L 豆田泰志
0%
71L 菅井信也
0%
90L 浜屋将太
0%
10L 小島大河
0%
22L 古賀悠斗
0%
27L 炭谷銀仁朗
0%
37L 柘植世那
0%
53L 牧野翔矢
0%
00L 仲田慶介
0%
0L 児玉亮涼
0%
2L 齋藤大翔
0%
4L 石井一成
0%
6L 源田壮亮
0%
26L ネビン
0%
32L 山村崇嘉
0%
38L 佐藤太陽
0%
39L 平沢大河
0%
50L 髙松渡
0%
59L 横田蒼和
0%
60L 中村剛也
0%
1L 栗山巧
0%
7L 桑原将志
0%
8L 渡部聖弥
0%
9L 蛭間拓哉
0%
25L カナリオ
0%
31L 茶野篤政
0%
35L 秋山俊
0%
44L 林冠臣
0%
55L 仲三優太
0%
63L 長谷川信哉
0%
66L 川田悠慎
0%
68L 岸潤一郎
0%
73L 林安可
0%
11M カスティーヨ
0%
13M 毛利海大
0%
14M 小島和哉
0%
15M 横山陸人
0%
16M 種市篤暉
0%
18M 石垣元気
0%
19M 唐川侑己
0%
21M 石川柊太
0%
24M 東妻勇輔
0%
28M 菊地吏玖
0%
29M 西野勇士
0%
30M 廣畑敦也
0%
31M 大谷輝龍
0%
33M 八木彬
0%
34M 高野脩汰
0%
35M 田中晴也
0%
36M 坂本光士郎
0%
37M 小野郁
0%
40M 奥村頼人
0%
41M 一條力真
0%
42M ジャクソン
0%
46M 冨士隼斗
0%
47M 鈴木昭汰
0%
53M 木村優人
0%
54M 澤田圭佑
0%
56M 中森俊介
0%
58M 河村説人
0%
59M 早坂響
0%
60M 大聖
0%
62M 坂井遼
0%
66M 宮﨑颯
0%
73M ロング
0%
91M 吉川悠斗
0%
2M 松川虎生
0%
32M 佐藤都志也
0%
45M 植田将太
0%
65M 寺地隆成
0%
69M 岡村了樹
0%
00M 池田来翔
0%
5M 安田尚憲
0%
7M 藤岡裕大
0%
10M 上田希由翔
0%
43M 石垣勝海
0%
44M 宮崎竜成
0%
49M 立松由宇
0%
55M 櫻井ユウヤ
0%
67M 茶谷健太
0%
99M ソト
0%
1M 藤原恭大
0%
3M 角中勝也
0%
6M 西川史礁
0%
22M ポランコ
0%
23M 石川慎吾
0%
25M 岡大海
0%
39M 井上広大
0%
50M 愛斗
0%
51M 山口航輝
0%
61M 山本大斗
0%
63M 和田康士朗
0%
77S 山本恵大
0%
No matching quizzes found
Score Distribution
Percent of People with Each Score
Percentile by Number Answered
Your Score History
You have not taken this quiz